01106nam a2200241 a 450000100100000000500170001000800410002704000250006804100390009308200180013210000280015024000550017824501640023326001170039730000210051453400640053565000320059965000490063170000360068004900090071695201220072599900170084700002612720250306110006.0110301s1974 mx r 000 0 spa d aDO-SdBNPbspacBNPHU17aspaheng2Código de idiomas MARC a332.71bW721s1 aWilliams, Simon.95309110aCredit systems for small-scale farmers.lEspañol10aSistemas de crédito para pequeños agricultores :bhistorías de casos de México /cSimon Williams y James A. Miller ; traducción de José Meza Nieto. aMéxico, D. F. :bCentro Regional de Ayuda Técnica. Agencia para el Desarrollo Internacional ;bDiana,c1974. a696 p. ;c23 cm. aTítulo original :tCredit systems for small-scale farmers 0aCrédito agrícola927394 0aAgricultura -xAspectos económicos 9305961 aMeza Nieto, José,etr.945365 aBNGR 001054708MOaGRbGRcCTd2011-03-01iLF1l0o332.71 W721sp26127-10r2020-06-25w2020-06-25y4ZPréstamo en sala c25619d25619